000 00499nam a2200181Ia 4500
005 20250508154135.0
008 008 250505s9999 xx 000 0 eng d
037 _aTextual
040 _aFEDL
_beng
_cFEDL
041 _aeng
_2eng
084 _a973, SHE
_qFEDL
100 _aSheehan Donald
245 0 _aMaking of American history Book 2
260 _aNew York, USA
_bHolt, Rinehart and Winston
_c1950
300 _a912p.
942 _cTEXL
_h973, SHE
999 _c1347941
_d1347941